Οι άλλοι καπετάνιοι : αντικομουνιστές ένοπλοι στα χρόνια της κατοχής και του εμφύλιου

Saved in:
Bibliographic Details
Other Authors: Μαραντζίδης, Νίκος Α., 1966- (Editor)
Format: Book
Language:Greek
Published: Αθήνα : Εστία, 2006.
Series:Ιστορία και πολιτική (Εστία)
Subjects:
Tags: Add Tag
No Tags, Be the first to tag this record!

MARC

LEADER 00000cam a2200000 i 4500
001 1/24053
008 060213s2006 gr | ||| |||| ||gre||
020 |a 960051237X 
035 |l 10082582 
040 |a GR-MyUA  |b gre  |e AACR2 
041 0 |a gre 
082 7 |a 938.776   |2 (22) 
082 7 |a 938.77   |2 (22) 
245 0 3 |a Οι άλλοι καπετάνιοι :   |b αντικομουνιστές ένοπλοι στα χρόνια της κατοχής και του εμφύλιου /   |c επιμέλεια: Νίκος Μαραντζίδης.  
260 |a Αθήνα :   |b Εστία,   |c 2006.  
300 |a 474 σ. :   |b χάρτ. ;   |c 21 εκ.  
490 1 |a (Ιστορία και πολιτική / Εστία)  
500 |a Το Παράρτημα της Λέσβου διαθέτει την 2η έκδοση [ανατύπωση], 2006.  
500 |a Το Παράρτημα της Σάμου διαθέτει την 3η έκδοση [ανατύπωση], 2006.  
504 |a Βιβλιογραφία : σ. 433-458. Ευρετήρια.  
650 0 0 |a Communism  |z Greece  |x History  |y 20th century. 
651 0 |a Greece  |x History  |y 20th century. 
651 0 |a Greece  |x History  |y Civil War, 1944-1949. 
651 0 |a Greece  |x History  |y Occupation, 1941-1944. 
700 1 |a Μαραντζίδης, Νίκος Α.,   |d 1966-  |e edt 
830 0 |a Ιστορία και πολιτική (Εστία) 
852 |a INST  |b LESVOS  |e 20060213  |h 938.776 ΑΛΛ  |p 005100034134  |q 005100034134  |t BK  |y 0 
852 |a INST  |b SAMOS  |e 20070803  |h 938.77 ΑΛΛ  |p 005300025695  |q 005300025695  |t BK  |y 0 
901 |a BIBL3-2007-2 
901 |a BIBL1-2006-1 
909 |a Σ  |b 136233 
909 |a Λ  |b 125675 
920 |a ΕΠΕΑΕΚ ΠΜΣ ΓΥΝΑΙΚΕΣ KAI ΦΥΛΑ  |y Λέσβος  |z 2006-01 
922 |a 3ΕΛΗ  |b 200707  |c ΕΠΕΑΕΚ2/ΤΜΗΜΑ ΜΑΘΗΜΑΤΙΚΩΝ  |d Σ. ΠΑΤΑΚΗΣ 
970 |a ΚΑΡΑ  |b ΓΙΑΣΕΜΗ  |z 2006/02/13